[Event "Open"]
[Site "Roma ITA"]
[Date "1995.??.??"]
[Round "?"]
[White "Quimi, Marco"]
[Black "Vignato, Giovanni"]
[Result "0-1"]
[WhiteElo "2200"]
[BlackElo "1918"]
[PlyCount "106"]
[EventDate "1995.??.??"]

1. e4 c6 2. d4 d5 3. Nc3 dxe4 4. Nxe4 Bf5 5. Ng3 Bg6 6. h4 h6 7. h5 Bh7 8. Nf3
Nd7 9. Bd3 Bxd3 10. Qxd3 Ngf6 11. Bd2 e6 12. O-O-O Qc7 13. Kb1 O-O-O 14. Ne4
Nc5 15. Nxc5 Bxc5 16. Be3 Bd6 17. Qb3 Kb8 18. c4 Qa5 19. c5 Bc7 20. Nd2 Nd5 21.
Nc4 Qb5 22. Qc2 Nb4 23. Qc1 b6 24. cxb6 Qf5+ 25. Ka1 Nc2+ 26. Qxc2 Qxc2 27.
bxc7+ Kxc7 28. Rc1 Qe4 29. f3 Qd5 30. Ne5 f6 31. Nxc6 Qxc6 32. b4 Rd5 33. Kb2
Rc8 34. Rxc6+ Kxc6 35. a4 Kb7 36. f4 e5 37. fxe5 fxe5 38. dxe5 Rxe5 39. Rh3
Rce8 40. Bd4 Re2+ 41. Kb3 Rxg2 42. b5 Re4 43. Bc3 Reg4 44. Re3 R2g3 45. Re6 Rh4
46. a5 Rhh3 47. a6+ Kc7 48. Rc6+ Kd7 49. Rc4 Rxh5 50. b6 axb6 51. Rg4 Rxg4 52.
a7 Rb5+ 53. Ka3 Rgg5 0-1

[Event "Open"]
[Site "Roma ITA"]
[Date "1995.??.??"]
[Round "?"]
[White "Quimi, Marco"]
[Black "Zhu, Dinglong"]
[Result "0-1"]
[WhiteElo "2200"]
[BlackElo "2320"]
[PlyCount "60"]
[EventDate "1995.??.??"]

1. e4 d5 2. exd5 Qxd5 3. Nc3 Qa5 4. b4 Qxb4 5. Rb1 Qd6 6. Nf3 Nf6 7. Bc4 e6 8.
Qe2 c6 9. a4 Be7 10. O-O O-O 11. Re1 Nbd7 12. d4 Nb6 13. Bd3 Re8 14. Bg5 Nbd5
15. Ne4 Qc7 16. Ne5 Nxe4 17. Qxe4 Bxg5 18. Qxh7+ Kf8 19. Qh8+ Ke7 20. Qxg7 Bf6
21. Qxf7+ Kd8 22. Qh5 Qg7 23. g3 Bxe5 24. Rxe5 Rh8 25. Qf3 Rf8 26. Qh5 Nf4 27.
Qh4+ Kc7 28. Rg5 Qxg5 29. Qh7+ Kd8 30. h4 Qg8 0-1

[Event "Open"]
[Site "Roma ITA"]
[Date "1995.??.??"]
[Round "?"]
[White "Quinto, Gianni"]
[Black "Monteleone, Antonio"]
[Result "0-1"]
[WhiteElo "2250"]
[BlackElo "2225"]
[PlyCount "72"]
[EventDate "1995.??.??"]

1. d4 Nf6 2. c4 g6 3. Nf3 Bg7 4. g3 O-O 5. Bg2 c6 6. O-O d5 7. Nc3 dxc4 8. e4
b5 9. Re1 Bb7 10. e5 Nd5 11. Ne4 Nd7 12. e6 fxe6 13. Neg5 Nc7 14. Bf4 e5 15.
Nxe5 Nxe5 16. Bxe5 Bxe5 17. Rxe5 Bc8 18. a4 Rb8 19. Bxc6 bxa4 20. Qd2 Rb6 21.
Bxa4 Rd6 22. Qe3 Nd5 23. Qe2 Rf5 24. Bc2 Rxe5 25. dxe5 Rb6 26. Qxc4 Rxb2 27.
Rxa7 Rb7 28. Rxb7 Bxb7 29. Be4 Qd7 30. h4 Kg7 31. Qd4 e6 32. Bg2 Qb5 33. Ne4
Qd7 34. Qa7 Bc6 35. Qxd7+ Bxd7 36. Nc5 Bc8 0-1

[Event "Open"]
[Site "Roma ITA"]
[Date "1995.??.??"]
[Round "?"]
[White "Quinto, Gianni"]
[Black "Tosoni, Augusto"]
[Result "1-0"]
[WhiteElo "2250"]
[BlackElo "1936"]
[PlyCount "77"]
[EventDate "1995.??.??"]

1. d4 Nf6 2. c4 g6 3. Nf3 Bg7 4. g3 O-O 5. Bg2 d6 6. O-O Nbd7 7. Nc3 e5 8. h3
c6 9. e4 exd4 10. Nxd4 Ne5 11. b3 a5 12. Re1 Ned7 13. Qc2 Nc5 14. Be3 Qc7 15.
Rad1 Ne8 16. a3 Ne6 17. Nde2 f5 18. exf5 gxf5 19. Nf4 Be5 20. Nce2 N8g7 21. Qd2
Rd8 22. Nc3 Nxf4 23. Bxf4 Ne6 24. Bh6 Bf6 25. Re3 Qf7 26. Rd3 Qg6 27. Ne2 Be5
28. Be3 f4 29. Nxf4 Nxf4 30. Bxf4 Bf5 31. Bxe5 Bxd3 32. Bb2 Be4 33. Bxe4 Qxe4
34. Re1 Qg6 35. Re7 d5 36. Qd4 Kf8 37. Rxb7 Rd7 38. Rxd7 Ke8 39. Rg7 1-0

[Event "Open"]
[Site "Roma ITA"]
[Date "1995.??.??"]
[Round "?"]
[White "Quinto, Gianni"]
[Black "Verrascina, Nicola"]
[Result "1-0"]
[WhiteElo "2250"]
[BlackElo "2035"]
[PlyCount "69"]
[EventDate "1995.??.??"]

1. d4 c5 2. d5 b5 3. e4 Qb6 4. c4 b4 5. f4 g6 6. Bd3 d6 7. Nf3 Bg7 8. O-O Bg4
9. Nbd2 h5 10. Qe1 Nd7 11. e5 dxe5 12. Nxe5 Nxe5 13. fxe5 Nh6 14. Nb3 O-O 15.
Bf4 Bf5 16. Qd2 Bxd3 17. Qxd3 Nf5 18. Rae1 a5 19. e6 f6 20. Bc1 a4 21. Nd2 Qd8
22. Rxf5 gxf5 23. Qxf5 Qd6 24. Nf3 Rfc8 25. Qg6 Qd8 26. Bh6 Qf8 27. Ng5 fxg5
28. Rf1 Kh8 29. Rxf8+ Bxf8 30. Bxg5 Ra7 31. Qxh5+ Kg8 32. Qf7+ Kh8 33. d6 Bg7
34. d7 Rf8 35. Qxf8+ 1-0

[Event "Open"]
[Site "Roma ITA"]
[Date "1995.??.??"]
[Round "?"]
[White "Scacco, Mauro"]
[Black "Nicevski, Risto"]
[Result "0-1"]
[WhiteElo "2004"]
[BlackElo "2340"]
[PlyCount "58"]
[EventDate "1995.??.??"]

1. e4 c5 2. Nf3 d6 3. d4 cxd4 4. Nxd4 Nf6 5. Nc3 a6 6. f4 Qc7 7. Be2 b5 8. O-O
Bb7 9. e5 dxe5 10. fxe5 Qxe5 11. Bf4 Qc5 12. Kh1 Nbd7 13. Qd3 g6 14. Nb3 Qb6
15. a4 b4 16. a5 Qd8 17. Na4 Rc8 18. Rad1 e6 19. Qd4 Rxc2 20. Bf3 Bxf3 21. Rxf3
Be7 22. Rfd3 Qa8 23. R3d2 Rxd2 24. Qxd2 O-O 25. Nb6 Nxb6 26. axb6 Nd5 27. Bc7
a5 28. Ra1 a4 29. Nd4 Qb7 0-1

[Event "Open"]
[Site "Roma ITA"]
[Date "1995.??.??"]
[Round "?"]
[White "Scacco, Mauro"]
[Black "Pienabarca, Nicola"]
[Result "1-0"]
[WhiteElo "2004"]
[BlackElo "1965"]
[PlyCount "75"]
[EventDate "1995.??.??"]

1. Nf3 Nf6 2. e3 e6 3. b3 d5 4. Bb2 Be7 5. c4 O-O 6. d4 c5 7. Nbd2 Nc6 8. Bd3
cxd4 9. exd4 b6 10. O-O Bb7 11. Re1 Rc8 12. Qe2 Nb4 13. Bb1 Qc7 14. Ne5 Rfd8
15. Ndf3 dxc4 16. bxc4 Ba6 17. a3 Nc6 18. Nxf7 Nxd4 19. Bxd4 Bxc4 20. Qc2 Kxf7
21. Ng5+ Kf8 22. Bxf6 Bxf6 23. Nxh7+ Kg8 24. Nxf6+ gxf6 25. Ba2 Bd5 26. Qe2 Qg7
27. Bxd5 exd5 28. Qe6+ Qf7 29. Qf5 Re8 30. Rac1 Rxe1+ 31. Rxe1 Rd8 32. Re6 Kg7
33. h4 d4 34. h5 Rh8 35. g4 Rh6 36. Rd6 Qe8 37. Rd7+ Kg8 38. Qd5+ 1-0

[Event "Open"]
[Site "Roma ITA"]
[Date "1995.??.??"]
[Round "?"]
[White "Scacco, Mauro"]
[Black "Tosoni, Augusto"]
[Result "1-0"]
[WhiteElo "2004"]
[BlackElo "1936"]
[PlyCount "83"]
[EventDate "1995.??.??"]

1. Nf3 g6 2. e4 Bg7 3. d4 c5 4. Nc3 cxd4 5. Nxd4 Nc6 6. Be3 Nf6 7. Nb3 O-O 8.
Be2 e6 9. Qd6 h5 10. h3 a5 11. a4 Re8 12. g4 h4 13. g5 Nh7 14. f4 Qe7 15. Bc5
f6 16. Qd2 d6 17. Bxd6 Qf7 18. gxf6 Nxf6 19. e5 Nd7 20. O-O-O Bh6 21. Rdf1
Ndxe5 22. Bxe5 Nxe5 23. Kb1 Nc6 24. Rhg1 Rd8 25. Qe1 Bxf4 26. Bd3 Rxd3 27. cxd3
Qf5 28. Nd5 Nb4 29. Qc3 e5 30. Rg5 Qe6 31. Rxf4 exf4 32. Nf6+ Kf7 33. Ne4 Bd7
34. Re5 Nd5 35. Qd4 Qxh3 36. Qxd5+ Kf8 37. Ng5 Qf1+ 38. Ka2 Be8 39. Qd6+ Kg7
40. Qe7+ Kg8 41. Qh7+ Kf8 42. Ne6# 1-0

[Event "Open"]
[Site "Roma ITA"]
[Date "1995.??.??"]
[Round "?"]
[White "Tan, Chengxuan"]
[Black "Monteleone, Antonio"]
[Result "1-0"]
[WhiteElo "2410"]
[BlackElo "2225"]
[PlyCount "65"]
[EventDate "1995.??.??"]

1. e4 e6 2. d4 d5 3. Nc3 Nf6 4. e5 Nfd7 5. f4 c5 6. Nf3 Nc6 7. Be3 cxd4 8. Nxd4
Bc5 9. Qd2 a6 10. O-O-O O-O 11. Kb1 Bxd4 12. Bxd4 b5 13. h4 b4 14. Na4 Qa5 15.
b3 Nxd4 16. Qxd4 Bb7 17. Rh3 Rfc8 18. h5 Nc5 19. Nxc5 Qxc5 20. Qd2 a5 21. g4 a4
22. f5 axb3 23. axb3 d4 24. Re1 exf5 25. gxf5 Re8 26. Bg2 Bxg2 27. Qxg2 f6 28.
Rg3 Ra7 29. h6 fxe5 30. Rxg7+ Kf8 31. Rg8+ Ke7 32. Qg7+ Kd8 33. Rxe8+ 1-0

[Event "Open"]
[Site "Roma ITA"]
[Date "1995.??.??"]
[Round "?"]
[White "Tan, Chengxuan"]
[Black "Quinto, Gianni"]
[Result "1-0"]
[WhiteElo "2410"]
[BlackElo "2250"]
[PlyCount "68"]
[EventDate "1995.??.??"]

1. e4 e6 2. d4 d5 3. Nc3 Nf6 4. e5 Nfd7 5. f4 c5 6. Nf3 Nc6 7. Be3 Qb6 8. Na4
Qa5+ 9. c3 c4 10. b4 Nxb4 11. cxb4 Bxb4+ 12. Kf2 b5 13. Nb2 Bc3 14. Qc2 Nb6 15.
Be2 b4 16. Bd2 Bxd2 17. Nxd2 Bd7 18. Nf3 Rc8 19. h4 Na4 20. Nxa4 Bxa4 21. Qc1
Qb6 22. h5 h6 23. g4 Bd7 24. g5 a5 25. gxh6 gxh6 26. Qg1 Kd8 27. f5 exf5 28.
Qg7 Kc7 29. Qxf7 Qe6 30. Qxe6 Bxe6 31. Nh4 Rhg8 32. Ng6 Kd7 33. Bd1 c3 34. Ba4+
Kc7 1-0

[Event "Open"]
[Site "Roma ITA"]
[Date "1995.??.??"]
[Round "?"]
[White "Tosoni, Augusto"]
[Black "Pienabarca, Nicola"]
[Result "0-1"]
[WhiteElo "1936"]
[BlackElo "1965"]
[PlyCount "152"]
[EventDate "1995.??.??"]

1. e4 e6 2. d4 d5 3. Nd2 Nf6 4. e5 Nfd7 5. Bd3 c5 6. c3 Nc6 7. Ndf3 cxd4 8.
cxd4 f6 9. exf6 Qxf6 10. Ne2 Bb4+ 11. Nc3 e5 12. dxe5 Ndxe5 13. O-O Nxf3+ 14.
gxf3 Bxc3 15. bxc3 O-O 16. f4 Qh4 17. Qf3 Bh3 18. Re1 Kh8 19. Qg3 Qg4 20. Be3
Rad8 21. Bf1 Qxg3+ 22. fxg3 Bxf1 23. Rxf1 d4 24. cxd4 Nxd4 25. Rad1 Nc6 26. Kf2
Kg8 27. g4 a6 28. a4 Rxd1 29. Rxd1 Rd8 30. Rxd8+ Nxd8 31. a5 Nc6 32. Bd2 Kf7
33. Ke3 Ke6 34. Ke4 g6 35. f5+ Kf7 36. Bc3 Ke7 37. Kd5 Kd7 38. f6 Nd8 39. Bb4
Nf7 40. Be7 Nh6 41. h3 Nf7 42. Bc5 Ng5 43. h4 Nf7 44. Be3 Nd8 45. Bc5 Nf7 46.
Bf8 Nd8 47. g5 Nf7 48. Be7 Nh8 49. Bc5 Nf7 50. Bb6 Nh8 51. f7 Nxf7 52. Bc5 h6
53. h5 Nxg5 54. hxg6 Ne6 55. Be3 h5 56. Bh6 Ke7 57. Ke5 h4 58. Be3 h3 59. Bg1
Ng5 60. Bc5+ Ke8 61. Bg1 Ke7 62. Kf5 Ne6 63. Bh2 Nd4+ 64. Ke4 Ne6 65. Kf5 Nc5
66. Kg5 Kf8 67. Kg4 Kg7 68. Kxh3 Kxg6 69. Kg4 Kf6 70. Kf4 Ke6 71. Ke3 Nd7 72.
Kd3 Kd5 73. Kc3 Kc6 74. Bg1 Kb5 75. Kb3 Kxa5 76. Be3 Kb5 0-1

[Event "Open"]
[Site "Roma ITA"]
[Date "1995.??.??"]
[Round "?"]
[White "Tosoni, Augusto"]
[Black "Tan, Chengxuan"]
[Result "0-1"]
[WhiteElo "1936"]
[BlackElo "2410"]
[PlyCount "66"]
[EventDate "1995.??.??"]

1. c4 e5 2. Nc3 Nc6 3. Nf3 g6 4. d4 exd4 5. Nxd4 Bg7 6. Be3 Nf6 7. Nxc6 bxc6 8.
Bd4 O-O 9. Qd2 d6 10. O-O-O Be6 11. e4 c5 12. Be3 Ng4 13. Bf4 Rb8 14. Bd3 Qc8
15. b3 Nxf2 16. Qxf2 Bxc3 17. Qc2 Bg7 18. h4 Bg4 19. Rde1 Qe6 20. Rhf1 a5 21.
a4 Rb7 22. e5 dxe5 23. Be4 Rb6 24. Bd2 c6 25. Bxa5 Rb7 26. Bf3 Rfb8 27. Bxg4
Qxg4 28. Rf3 Qxh4 29. Rd3 f5 30. Red1 Bf6 31. b4 cxb4 32. Rd7 Rxd7 33. Rxd7 b3
0-1

[Event "Open"]
[Site "Roma ITA"]
[Date "1995.??.??"]
[Round "?"]
[White "Tosoni, Augusto"]
[Black "Tribuiani, Renato"]
[Result "1-0"]
[WhiteElo "1936"]
[BlackElo "2110"]
[PlyCount "57"]
[EventDate "1995.??.??"]

1. e4 Nc6 2. d4 d5 3. Nc3 e6 4. Nf3 Nf6 5. Bg5 Be7 6. e5 Ne4 7. Bxe7 Qxe7 8.
Bd3 Qb4 9. O-O Nxc3 10. bxc3 Qxc3 11. Rb1 Qa3 12. c4 dxc4 13. Bxc4 O-O 14. Ng5
Qc3 15. Nxh7 Kxh7 16. Rb3 Qxc4 17. Qh5+ Kg8 18. Rh3 f5 19. exf6 Rxf6 20. Qh8+
Kf7 21. Rg3 g6 22. Rh3 Ke7 23. Qg8 e5 24. Qxc4 Nxd4 25. Qxc7+ Ke6 26. Re3 Nc6
27. Rfe1 Kf5 28. Rf3+ Kg5 29. h4+ 1-0

[Event "Open"]
[Site "Roma ITA"]
[Date "1995.??.??"]
[Round "?"]
[White "Tosoni, Augusto"]
[Black "Verrascina, Nicola"]
[Result "0-1"]
[WhiteElo "1936"]
[BlackElo "2035"]
[PlyCount "72"]
[EventDate "1995.??.??"]

1. e4 Nc6 2. d4 e5 3. Nf3 exd4 4. Bc4 Nf6 5. O-O Nxe4 6. Re1 d5 7. Bxd5 Qxd5 8.
Nc3 Qh5 9. Nxe4 Be6 10. Bg5 h6 11. Bh4 Bb4 12. c3 dxc3 13. bxc3 Be7 14. Ng3 Qc5
15. Bxe7 Qxe7 16. Nd4 Nxd4 17. cxd4 O-O-O 18. d5 Qa3 19. Re3 Qa6 20. Rd3 Rhe8
21. Rc1 Re7 22. d6 Red7 23. dxc7 Qxd3 24. cxd8=Q+ Kxd8 25. Qa4 Qd2 26. Rf1 Qxa2
27. Qb4 Ke8 28. Nh5 f6 29. Nf4 Qc4 30. Qe1 Kf7 31. Qe3 Qxf1+ 32. Kxf1 Bc4+ 33.
Ke1 Re7 34. Kd2 Rxe3 35. fxe3 g5 36. Nh3 Bf1 0-1

[Event "Open"]
[Site "Roma ITA"]
[Date "1995.??.??"]
[Round "?"]
[White "Tosoni, Augusto"]
[Black "Vignato, Giovanni"]
[Result "0-1"]
[WhiteElo "1936"]
[BlackElo "1918"]
[PlyCount "80"]
[EventDate "1995.??.??"]

1. e4 c6 2. d4 d5 3. exd5 cxd5 4. c4 Nf6 5. Nc3 Nc6 6. Bg5 Ne4 7. cxd5 Nxc3 8.
bxc3 Qxd5 9. Bf4 Bf5 10. Nf3 e6 11. Bd3 Bxd3 12. Qxd3 Bd6 13. Bg3 Bxg3 14. hxg3
e5 15. O-O O-O 16. c4 Qd6 17. d5 f6 18. Rfd1 Nb4 19. Qb3 b6 20. Nd2 f5 21. Nf3
Na6 22. Qc3 e4 23. Nd4 Nc5 24. Rac1 Rae8 25. Nb5 Qb8 26. d6 Rf6 27. Qd4 Rd8 28.
f3 a6 29. fxe4 fxe4 30. Nc3 Rfxd6 31. Nd5 Kh8 32. Rf1 Re6 33. Rf7 Qe5 34. Qe3
h6 35. Rcf1 Rg6 36. R1f4 Qg5 37. Ne7 Rd1+ 38. Kh2 Re6 39. Nf5 Qh5+ 40. Rh4 Qxf7
0-1

[Event "Open"]
[Site "Roma ITA"]
[Date "1995.??.??"]
[Round "?"]
[White "Tribuiani, Renato"]
[Black "Malloni, Marcello"]
[Result "0-1"]
[WhiteElo "2110"]
[BlackElo "2195"]
[PlyCount "98"]
[EventDate "1995.??.??"]

1. c4 Nf6 2. Nc3 c5 3. g3 d5 4. cxd5 Nxd5 5. Bg2 Nc7 6. Nf3 Nc6 7. d3 e5 8. O-O
Be7 9. Be3 O-O 10. Rc1 b6 11. Nd2 Bd7 12. Nc4 Rc8 13. Bxc6 Bxc6 14. Nxe5 Ba8
15. Qa4 Bf6 16. Nf3 Ne6 17. Rfd1 Qe7 18. Qg4 Rcd8 19. b3 g6 20. h4 Bg7 21. Qc4
h6 22. Qg4 Rd7 23. Qa4 Kh7 24. Rd2 f5 25. Nb5 Rfd8 26. Rcd1 Bc6 27. Qc4 Bd5 28.
Qc2 Bf6 29. h5 g5 30. Nc3 Bxc3 31. Qxc3 Bxf3 32. exf3 f4 33. Qe5 fxe3 34. fxe3
Ng7 35. Qxe7 Rxe7 36. Kf2 Nxh5 37. d4 cxd4 38. Rxd4 Rxd4 39. Rxd4 Rc7 40. Rd2
Kg7 41. g4 Nf6 42. Kg3 Rc3 43. Kf2 Kf7 44. Ke2 Ke6 45. Rd8 Rc2+ 46. Kd3 Rf2 47.
Rh8 Rxf3 48. Rxh6 Rg3 49. Rh8 Nxg4 0-1

[Event "Open"]
[Site "Roma ITA"]
[Date "1995.??.??"]
[Round "?"]
[White "Tribuiani, Renato"]
[Black "Picardi, Angelo"]
[Result "0-1"]
[WhiteElo "2110"]
[BlackElo "2057"]
[PlyCount "128"]
[EventDate "1995.??.??"]

1. e4 e6 2. d4 d5 3. e5 c5 4. Nf3 cxd4 5. Bd3 Nc6 6. O-O f6 7. Re1 fxe5 8. Nxe5
Nxe5 9. Rxe5 Nf6 10. Bb5+ Kf7 11. Bg5 Bd6 12. Qxd4 Bd7 13. Bd3 Bxe5 14. Qxe5 h6
15. Bh4 Rf8 16. Nd2 Kg8 17. Re1 Rc8 18. Nf3 Qc7 19. Qd4 Qc5 20. Qe5 Qc7 21. Qd4
Qc5 22. Qf4 Ne4 23. Qg4 Rf5 24. Rxe4 dxe4 25. Bxe4 Bc6 26. Bxf5 exf5 27. Qg6
Bxf3 28. gxf3 Qxc2 29. Bf6 Rc7 30. Be5 Re7 31. Bc3 Qc1+ 32. Kg2 Qg5+ 33. Qxg5
hxg5 34. f4 g4 35. h3 gxh3+ 36. Kxh3 Kf7 37. Kh4 Kg6 38. Kg3 b6 39. Kf3 Kh5 40.
Kg3 Rd7 41. Be5 a5 42. Bc3 Kg6 43. Kf3 Re7 44. Bd4 b5 45. a3 Kf7 46. Kg3 Re4
47. Bb6 a4 48. Ba5 Ke6 49. Bc3 g6 50. Bh8 Kd5 51. Bf6 Kc4 52. Be5 g5 53. f3
gxf4+ 54. Bxf4 Rxf4 55. Kxf4 Kb3 56. Kxf5 Kxb2 57. Ke6 b4 58. axb4 a3 59. f4 a2
60. f5 a1=Q 61. f6 Qe1+ 62. Kf7 Qxb4 63. Kg8 Qg4+ 64. Kh8 Qh5+ 0-1

[Event "Open"]
[Site "Roma ITA"]
[Date "1995.??.??"]
[Round "?"]
[White "Tribuiani, Renato"]
[Black "Verrascina, Nicola"]
[Result "1-0"]
[WhiteElo "2110"]
[BlackElo "2035"]
[PlyCount "67"]
[EventDate "1995.??.??"]

1. e4 Nc6 2. d4 e5 3. d5 Nce7 4. c4 Ng6 5. Nc3 Bc5 6. Nf3 Nf6 7. h3 d6 8. b4
Bb6 9. a4 a5 10. b5 O-O 11. Bd3 Qe7 12. Qe2 Nh5 13. g3 f5 14. Ng5 Bxf2+ 15.
Kxf2 Nxg3 16. Kxg3 f4+ 17. Kf2 Qxg5 18. Ke1 Qg3+ 19. Kd1 Bxh3 20. Kc2 Bg2 21.
Re1 Nh4 22. Rg1 f3 23. Qe3 Qh2 24. Qf2 h6 25. Be3 g5 26. Rh1 Qxh1 27. Rxh1 Bxh1
28. b6 Ng2 29. bxc7 Nxe3+ 30. Qxe3 f2 31. Qh3 Bf3 32. c5 dxc5 33. d6 Rac8 34.
Qxc8 1-0

[Event "Open"]
[Site "Roma ITA"]
[Date "1995.??.??"]
[Round "?"]
[White "Verrascina, Nicola"]
[Black "Pienabarca, Nicola"]
[Result "1/2-1/2"]
[WhiteElo "2035"]
[BlackElo "1965"]
[PlyCount "108"]
[EventDate "1995.??.??"]

1. c4 e6 2. g3 d5 3. b3 Nf6 4. Bb2 Be7 5. Bg2 c5 6. e3 Nc6 7. Ne2 O-O 8. O-O
Qc7 9. d4 Rd8 10. Qc2 Nb4 11. Qd1 dxc4 12. bxc4 cxd4 13. exd4 Qxc4 14. Nd2 Qa6
15. Nf4 Bd7 16. Re1 Bd6 17. a3 Nbd5 18. Nxd5 Nxd5 19. Ne4 Be7 20. Qh5 Nf6 21.
Qh4 Bc6 22. d5 Bxd5 23. Nxf6+ Bxf6 24. Bxf6 gxf6 25. Qxf6 Bxg2 26. Kxg2 Qc6+
27. Kg1 Qc2 28. Re5 Rd5 29. Rxd5 exd5 30. Qg5+ Kh8 31. Qxd5 Qc3 32. Rd1 Re8 33.
Qxb7 Re1+ 34. Rxe1 Qxe1+ 35. Kg2 Qa5 36. Qb2+ Kg8 37. Qb4 Qd5+ 38. Kh3 Qh5+ 39.
Qh4 Qc5 40. Qg4+ Kh8 41. Qf3 a5 42. Kh4 Qe7+ 43. Kh3 Qc5 44. Kg2 Kg7 45. h4 f6
46. h5 f5 47. Kh2 Kh6 48. Kh3 Kg5 49. g4 fxg4+ 50. Qxg4+ Kh6 51. Qf4+ Kxh5 52.
Qf7+ Kh6 53. Qf6+ Kh5 54. Qf7+ Kh6 1/2-1/2

[Event "Open"]
[Site "Roma ITA"]
[Date "1995.??.??"]
[Round "?"]
[White "Verrascina, Nicola"]
[Black "Scacco, Mauro"]
[Result "1/2-1/2"]
[WhiteElo "2035"]
[BlackElo "2004"]
[PlyCount "54"]
[EventDate "1995.??.??"]

1. g3 Nf6 2. Bg2 g6 3. c4 Bg7 4. e4 O-O 5. Nc3 d6 6. Nge2 e5 7. O-O Nc6 8. d3
Nh5 9. f4 Bg4 10. h3 Nxg3 11. hxg4 Nxf1 12. Qxf1 Qh4 13. f5 Nd4 14. Qf2 Qd8 15.
Nxd4 exd4 16. Ne2 c6 17. Nxd4 d5 18. cxd5 cxd5 19. g5 Bxd4 20. Qxd4 dxe4 21.
Qxd8 Rfxd8 22. Bxe4 Rac8 23. fxg6 hxg6 24. Bd2 Rc2 25. Bc3 b5 26. Rf1 b4 27.
Bf6 Rdc8 1/2-1/2

[Event "Open"]
[Site "Roma ITA"]
[Date "1995.??.??"]
[Round "?"]
[White "Vignato, Giovanni"]
[Black "Corvi, Marco"]
[Result "0-1"]
[WhiteElo "1918"]
[BlackElo "2185"]
[PlyCount "134"]
[EventDate "1995.??.??"]

1. e4 Nf6 2. e5 Nd5 3. d4 d6 4. c4 Nb6 5. exd6 exd6 6. Nc3 Be7 7. h3 O-O 8. Nf3
Bf6 9. Be2 Re8 10. O-O Nc6 11. Be3 h6 12. Rc1 Bf5 13. b3 d5 14. c5 Nc8 15. Bd3
N8e7 16. Re1 Qd7 17. Qd2 a6 18. Ne2 Bxd3 19. Qxd3 Qf5 20. Qd2 g5 21. Ng3 Qg6
22. Qe2 Kg7 23. Qd2 Kh7 24. Rcd1 Nf5 25. Nxf5 Qxf5 26. Qd3 Qxd3 27. Rxd3 Re7
28. g4 Rae8 29. Red1 Kg6 30. Nh2 Bg7 31. Nf1 f5 32. gxf5+ Kxf5 33. Ng3+ Kg6 34.
Kg2 Nd8 35. Ne2 Ne6 36. b4 c6 37. a4 Rf7 38. Rb3 Nf4+ 39. Bxf4 Rxe2 40. Be3 Ra2
41. a5 Rc2 42. Rdd3 Kf5 43. Kf3 Rc4 44. Rd1 Re7 45. Kg2 Rc2 46. Kg3 Bf6 47.
Rdd3 Re4 48. Rb1 h5 49. Rdd1 Rc4 50. Kf3 Bxd4 51. Bxd4 Rcxd4 52. Rxd4 Rxd4 53.
Rb3 Re4 54. Kg3 d4 55. Rd3 Ke5 56. Kf3 Kd5 57. Rd1 Re5 58. h4 Rf5+ 59. Kg2 g4
60. Rg1 Rf3 61. Re1 Kc4 62. Kf1 g3 63. Re7 Rxf2+ 64. Ke1 d3 65. Rg7 d2+ 66. Kd1
g2 67. Kc2 d1=Q+ 0-1

[Event "Open"]
[Site "Roma ITA"]
[Date "1995.??.??"]
[Round "?"]
[White "Vignato, Giovanni"]
[Black "Marzano, Carlo"]
[Result "0-1"]
[WhiteElo "1918"]
[BlackElo "2205"]
[PlyCount "96"]
[EventDate "1995.??.??"]

1. d4 d5 2. c3 c5 3. e3 Nf6 4. f4 Bf5 5. Nf3 Nc6 6. Nbd2 e6 7. Be2 Bd6 8. Ne5
h6 9. O-O O-O 10. Ndf3 Ne4 11. Bd2 f6 12. Nd3 Qb6 13. b3 a5 14. Nh4 Bh7 15. Bg4
Rae8 16. Bh5 Rc8 17. Bg6 cxd4 18. Bxh7+ Kxh7 19. exd4 Nxd4 20. Kh1 Nxc3 21. Qh5
Qd8 22. Qg6+ Kg8 23. Rfe1 Ne4 24. Rxe4 dxe4 25. Qxe4 Nc6 26. Qxe6+ Rf7 27. Nf5
Bf8 28. Re1 Qd7 29. Qe4 Rd8 30. Re3 Qd5 31. Ng3 Qxe4 32. Nxe4 a4 33. b4 Rfd7
34. Nef2 a3 35. b5 Nd4 36. b6 Nf5 37. Rf3 Re8 38. g4 Nd4 39. Re3 Rxe3 40. Bxe3
Nc2 41. Bc1 Bd6 42. Kg2 Kf7 43. Kf3 Nd4+ 44. Ke4 Ne6 45. Ke3 Nc5 46. Bxa3 Nxd3
47. Bxd6 Rxd6 48. Nxd3 Rxb6 0-1

[Event "Open"]
[Site "Roma ITA"]
[Date "1995.??.??"]
[Round "?"]
[White "Vignato, Giovanni"]
[Black "Quinto, Gianni"]
[Result "0-1"]
[WhiteElo "1918"]
[BlackElo "2250"]
[PlyCount "36"]
[EventDate "1995.??.??"]

1. e4 e6 2. d4 d5 3. exd5 exd5 4. Bd3 Bd6 5. Ne2 Nc6 6. Nd2 Bg4 7. c3 Nf6 8.
O-O Qd7 9. Qc2 Ne7 10. Ng3 h5 11. Re1 O-O-O 12. b4 Bxg3 13. fxg3 h4 14. Nb3
hxg3 15. Nc5 gxh2+ 16. Kh1 Qd6 17. Qa4 Qg3 18. Qxa7 Qxe1+ 0-1

[Event "Open"]
[Site "Roma ITA"]
[Date "1995.??.??"]
[Round "?"]
[White "Vignato, Giovanni"]
[Black "Tribuiani, Renato"]
[Result "1/2-1/2"]
[WhiteElo "1918"]
[BlackElo "2110"]
[PlyCount "121"]
[EventDate "1995.??.??"]

1. d4 d5 2. Bg5 Nd7 3. Nf3 Ngf6 4. e3 e6 5. Bd3 Be7 6. Nbd2 b6 7. c3 Bb7 8. Ne5
Nxe5 9. dxe5 Nd7 10. Bf4 Nc5 11. Bc2 Ba6 12. Nf3 c6 13. Qb1 g5 14. Bg3 h5 15.
h3 h4 16. Bh2 Qc7 17. a4 Nd7 18. b4 Bc4 19. Bd3 Bxd3 20. Qxd3 c5 21. b5 O-O-O
22. Qc2 c4 23. Nd4 Nc5 24. Nc6 Nb3 25. Ra2 Rdg8 26. f3 Bc5 27. Ke2 Kb7 28. Bg1
a6 29. Bf2 axb5 30. axb5 Ra8 31. Rxa8 Rxa8 32. Rb1 Na5 33. Nxa5+ Rxa5 34. f4
gxf4 35. exf4 Bxf2 36. Kxf2 Qc5+ 37. Kf3 Rxb5 38. Rxb5 Qxb5 39. Qh7 Qd7 40.
Qxh4 d4 41. cxd4 c3 42. Ke3 Qc7 43. Qe1 b5 44. Kd3 Qc4+ 45. Kc2 b4 46. Qb1 Qxd4
47. Kb3 Kc6 48. Qa1 Kd7 49. Qa6 Ke7 50. Qc8 Qb6 51. Qa8 Qc5 52. Qb8 Qd4 53.
Qc7+ Ke8 54. Qc8+ Qd8 55. Qxd8+ Kxd8 56. h4 Ke7 57. g4 Kf8 58. g5 Kg7 59. h5
Kh7 60. h6 Kg6 61. Kc2 1/2-1/2

[Event "Open"]
[Site "Roma ITA"]
[Date "1995.??.??"]
[Round "?"]
[White "Zhu, Dinglong"]
[Black "Corvi, Marco"]
[Result "0-1"]
[WhiteElo "2320"]
[BlackElo "2185"]
[PlyCount "54"]
[EventDate "1995.??.??"]

1. e4 Nf6 2. e5 Nd5 3. d4 d6 4. Nf3 Bg4 5. Be2 e6 6. O-O Be7 7. Re1 O-O 8. Nbd2
Nc6 9. Nf1 dxe5 10. dxe5 Ndb4 11. Bd2 Bf5 12. Ne3 Be4 13. a3 Nd5 14. Nf1 Qd7
15. c3 Nb6 16. a4 Rad8 17. a5 Bxf3 18. gxf3 Nd5 19. f4 g5 20. Qa4 Kh8 21. Bb5
Rg8 22. a6 gxf4+ 23. Kh1 Ndb4 24. Re4 Qd5 25. Rae1 Nxe5 26. cxb4 Ng4 27. Ng3
Qh5 0-1

[Event "Open"]
[Site "Roma ITA"]
[Date "1995.??.??"]
[Round "?"]
[White "Zhu, Dinglong"]
[Black "Ianniello, Riccardo"]
[Result "1-0"]
[WhiteElo "2320"]
[BlackElo "2320"]
[PlyCount "73"]
[EventDate "1995.??.??"]

1. e4 e5 2. Nf3 d6 3. d4 exd4 4. Nxd4 Nf6 5. Nc3 Be7 6. Be2 O-O 7. O-O Nc6 8.
f4 Nxd4 9. Qxd4 b6 10. Kh1 Bg4 11. Bd3 c6 12. f5 Bh5 13. h3 b5 14. Qg1 b4 15.
Na4 d5 16. e5 Nd7 17. g4 Nxe5 18. gxh5 Kh8 19. Bf4 Bd6 20. Rae1 f6 21. Nc5 Rg8
22. Nb7 Qc7 23. Nxd6 Qxd6 24. Re2 c5 25. b3 c4 26. bxc4 dxc4 27. Be4 Rae8 28.
Qxa7 Re7 29. Qa5 Qb8 30. Bd5 Rd8 31. Bxe5 fxe5 32. h6 Qd6 33. Be6 Qc6+ 34. Kh2
Rf8 35. Qxe5 Rf6 36. hxg7+ Rxg7 37. Qb8+ 1-0

[Event "Torneo del Graticolato"]
[Site "Santa Maria di Sala ITA"]
[Date "1995.??.??"]
[Round "?"]
[White "Gasparello, Alessandro"]
[Black "Viola, Matteo"]
[Result "1-0"]
[WhiteElo "1794"]
[BlackElo "1780"]
[PlyCount "43"]
[EventDate "1995.??.??"]

1. e4 e5 2. Nf3 f5 3. Nxe5 Qf6 4. Nc4 fxe4 5. Nc3 Qe6 6. Ne3 c6 7. d3 Bb4 8.
dxe4 Bxc3+ 9. bxc3 Qxe4 10. Bd3 Qe5 11. Bd2 Nf6 12. O-O O-O 13. Re1 Qc7 14. Nf5
Rf7 15. g3 d6 16. Bf4 Ne4 17. Rxe4 Rxf5 18. Re8+ Kf7 19. Bxf5 Kxe8 20. Bxd6 Qd8
21. Qh5+ g6 22. Re1+ 1-0